000 00526nam a2200193Ia 4500
008 151119s9999||||xx |||||||||||||| ||und||
082 _a823.9108
082 _bGKKV17100
100 _aसावंत वनिता
245 _aछंद
260 _aपुणे
260 _bमेहता पब्लीशिग हाउस
260 _c2000
600 _aसावंत वनिता
630 _aछंद
700 _aसावंत वनिता
730 _aछंद
942 _cBOOK
999 _c1070304
_d1070301